000 00793nam a2200265 a 4500
001 BRL_945
005 20190320210950.0
008 281013s1971----nyua######---#000-0#eng-#
020 _a0486227049
041 _aeng
044 _anyu
050 4 _aE59.A7
_b.A77 1971
100 1 _aAppleton, Le Roy H.
_925397
245 1 0 _aAmerican indian design and decoration
_cLe Roy H. Appleton.
260 _aNew York
_bDover Publications
_c1971
300 _aviii, 277 p.
_bil. (algunas a color)
_c28 cm.
440 0 _aThe Dover pictorial archive series
_925398
500 _aAu999
500 _aFormerly titled: Indian art of the Americas.
504 _aBibliografía: p. 264-269
650 1 4 _aArte indígena
_923949
650 1 4 _aMitología indígena
_925399
902 _aGRL
942 _2lcc
_cB
999 _c9757
_d9757